| 000 | 00985nam a22002897a 4500 | ||
|---|---|---|---|
| 001 | BR9803366 | ||
| 003 | BR-BrBNA | ||
| 005 | 20230928100031.0 | ||
| 007 | ta | ||
| 008 | 230509b bl.||||| |||| 00| 0 por d | ||
| 040 |
_aBR-BrBNA _bpor _cBiblioteca Nacional de Agricultura |
||
| 041 | _a(Por) | ||
| 072 |
_aL53 _b5120 |
||
| 090 | _ 5120 BR9803366 | ||
| 100 | 1 | _aAmaral, D. | |
| 110 | 1 |
_aUniversidade Federal de Minas Gerais, Belo Horizonte (Brasil). Escola de Veterinaria _0Tese (Mestre em Medicina Veterinaria) |
|
| 245 | 1 | _aHidrocele idiopatica da cavidade vaginal em garanhoes e sua influencia sobre o comportamento sexual e caracteristicas seminais | |
| 260 | 3 |
_aBelo Horizonte, MG (Brasil): _c1997. |
|
| 300 | _a75 p. | ||
| 500 | _aBibliography (73 ref.); Summaries (Eng, Por); 7 illus.; 7 tables | ||
| 650 | _aGaranhao | ||
| 650 | _aReproducao Animal | ||
| 650 | _aComportamento Sexual | ||
| 650 | _aSemen | ||
| 909 |
_a202309 _bLucia _c55 _dLucia Elande |
||
| 942 | _cBK | ||
| 999 |
_c59971 _d59971 |
||